judicial

La pena privativa de la libertad materialmente perpetua (Registro nro. 6537)

Detalles MARC
000 -LEADER
fixed length control field 01470nam a22004217a 4500
003 - CONTROL NUMBER IDENTIFIER
control field OSt
005 - DATE AND TIME OF LATEST TRANSACTION
control field 20260505094105.0
007 - PHYSICAL DESCRIPTION FIXED FIELD--GENERAL INFORMATION
fixed length control field ta
008 - FIXED-LENGTH DATA ELEMENTS--GENERAL INFORMATION
fixed length control field 260505s2025 ag ||||| |||| 00| 0 spa d
020 ## - INTERNATIONAL STANDARD BOOK NUMBER
International Standard Book Number 9789878949468
040 ## - CATALOGING SOURCE
Transcribing agency cj catamarca
082 ## - DEWEY DECIMAL CLASSIFICATION NUMBER
Classification number 343.26 Ur76
100 10 - MAIN ENTRY--PERSONAL NAME
9 (RLIN) 324
Personal name Uriburu, Gregorio Jose
245 13 - TITLE STATEMENT
Title La pena privativa de la libertad materialmente perpetua
250 ## - EDITION STATEMENT
Edition statement 1º ed.
260 ## - PUBLICATION, DISTRIBUTION, ETC.
Place of publication, distribution, etc. CABA:
Name of publisher, distributor, etc. Didot,
Date of publication, distribution, etc. 2025
300 ## - PHYSICAL DESCRIPTION
Extent 306 p.
Dimensions 23 cm
500 ## - GENERAL NOTE
General note INVENTARIO Nº 8173
650 #7 - SUBJECT ADDED ENTRY--TOPICAL TERM
Source of heading or term SAIJ
653 ## - INDEX TERM--UNCONTROLLED
Uncontrolled term DERECHO PROCESAL PENAL
653 ## - INDEX TERM--UNCONTROLLED
Uncontrolled term EJECUCION DE LA PENA PRIVATIVA
653 ## - INDEX TERM--UNCONTROLLED
Uncontrolled term PENA PRIVATIVA-art. 18 CN
653 ## - INDEX TERM--UNCONTROLLED
Uncontrolled term PENA PRIVATIVA-TRATADOS INTERNACIONALES
653 ## - INDEX TERM--UNCONTROLLED
Uncontrolled term CASO "ALVAREZ"-CIDH
653 ## - INDEX TERM--UNCONTROLLED
Uncontrolled term JURISPRUDENCIA-TRIBUNAL EUROPEO
653 ## - INDEX TERM--UNCONTROLLED
Uncontrolled term JURISPRUDENCIA-CSJN
653 ## - INDEX TERM--UNCONTROLLED
Uncontrolled term CASO "GRAMAJO"-INCONSTITUCIONALIDAD MULTIRREINCIDENCIA
653 ## - INDEX TERM--UNCONTROLLED
Uncontrolled term CASO "MALDONADO"-PENA PRIVATIVA-MENOR DE EDAD
653 ## - INDEX TERM--UNCONTROLLED
Uncontrolled term CASO "ARCE"-PENA PRIVATIVA-MENOR DE EDAD
653 ## - INDEX TERM--UNCONTROLLED
Uncontrolled term CASO "ESTEVEZ" y "ALVAREZ ORDOÑEZ"-DISIDENCIA ZAFFARONI
653 ## - INDEX TERM--UNCONTROLLED
Uncontrolled term PRISION PERPETUA-INCONSTITUCIONALIDAD-RECHAZO
653 ## - INDEX TERM--UNCONTROLLED
Uncontrolled term CASOS "CHUEKE"-"LEGUIZAMON"-"BACHETTI"-"GIGENA"-CSJN
653 ## - INDEX TERM--UNCONTROLLED
Uncontrolled term CASO "ESCALANTE"-PRISION PERPETUA-NIÑOS
653 ## - INDEX TERM--UNCONTROLLED
Uncontrolled term JURISPRUDENCIA-CAMARAS
653 ## - INDEX TERM--UNCONTROLLED
Uncontrolled term DOCTRINA- CAMARAS
856 ## - ELECTRONIC LOCATION AND ACCESS
Uniform Resource Identifier <a href="https://drive.google.com/file/d/115vWDEx3n0zpvflQ6n9aF0XM8K2OiO34/view?usp=sharing">https://drive.google.com/file/d/115vWDEx3n0zpvflQ6n9aF0XM8K2OiO34/view?usp=sharing</a>
942 ## - ADDED ENTRY ELEMENTS (KOHA)
Source of classification or shelving scheme Dewey Decimal Classification
Koha item type Book
Suppress in OPAC No
Existencias
Withdrawn status Lost status Source of classification or shelving scheme Damaged status Not for loan Home library Current library Date acquired Source of acquisition Total Checkouts Full call number Barcode Date last seen Price effective from Koha item type
    Dewey Decimal Classification     PJCB PJCB 05/05/2026 Compra   343.26 Ur76 8173 05/05/2026 05/05/2026 Book
-->
  •  poder judicial

    Con tecnología Koha